All Tangled characters by screen time - Statistics

General Stats
  • This quiz has been taken 24 times
  • The average score is 6 of 15
Answer Stats
% Of Movie Screen Time Answer % Correct
40.85 40:54 Eugene Fitzherbert/Flynn Rider
100%
56.60 56:40 Rapunzel
100%
17.98 18:00 Mother Gothel
94%
2.28 2:17 King Frederic
71%
2.71 2:43 Queen Ariana
71%
7.77 7:47 Maximus
65%
14.72 14:44 Pascal
65%
3.88 3:53 Hook Hand
24%
1.60 1:36 Big Nose
12%
2.18 2:11 Vladimir
12%
2.10 2:06 Captain
6%
1.43 1:26 Shorty
6%
1.61 1:37 Attila
0%
3.65 3:39 Patchy Stabbington
0%
4.54 4:33 Sideburns Stabbington
0%
No matching quizzes found
Score Distribution
Percent of People with Each Score
Percentile by Number Answered
Your Score History
You have not taken this quiz